The Handbook of international trade and finance : (Record no. 8298)
[ view plain ]
| 000 -LEADER | |
|---|---|
| fixed length control field | 00791nam a22002172 4500 |
| 001 - CONTROL NUMBER | |
| control field | 0000012729 |
| 005 - DATE AND TIME OF LATEST TRANSACTION | |
| control field | 20151217152113.0 |
| 008 - FIXED-LENGTH DATA ELEMENTS--GENERAL INFORMATION | |
| fixed length control field | 090316s xx 000 0 eng d |
| 020 ## - INTERNATIONAL STANDARD BOOK NUMBER | |
| International Standard Book Number | 0749453206 : |
| 040 ## - CATALOGING SOURCE | |
| Original cataloging agency | KABU |
| Transcribing agency | KABU |
| 100 1# - MAIN ENTRY--PERSONAL NAME | |
| Personal name | Grath, Anders. |
| -- | 0000169637 |
| 245 14 - TITLE STATEMENT | |
| Title | The Handbook of international trade and finance : |
| Remainder of title | the complete guide to risk management, international payments and currency management, bonds and guarantees, credit insurance and trade finance / |
| Statement of responsibility, etc. | Anders Grath. |
| 250 ## - EDITION STATEMENT | |
| Edition statement | rev. ed. |
| 260 ## - PUBLICATION, DISTRIBUTION, ETC. (IMPRINT) | |
| Place of publication, distribution, etc. | London : |
| Name of publisher, distributor, etc. | Kogan, |
| Date of publication, distribution, etc. | 2008. |
| 300 ## - PHYSICAL DESCRIPTION | |
| Extent | ix, 198 p. |
| 650 #0 - SUBJECT ADDED ENTRY--TOPICAL TERM | |
| Topical term or geographic name as entry element | International trade. |
| -- | 0000149976 |
| 650 #0 - SUBJECT ADDED ENTRY--TOPICAL TERM | |
| Topical term or geographic name as entry element | International finance. |
| -- | 0000149975 |
| 852 1# - LOCATION | |
| -- | p4500 KES |
| 908 ## - PUT COMMAND PARAMETER (RLIN) | |
| Put command parameter | 090316 |
| 950 ## - LOCAL HOLDINGS (RLIN) | |
| -- | 1 |
| Withdrawn status | Lost status | Source of classification or shelving scheme | Not for loan | Home library | Current library | Date acquired | Total Checkouts | Full call number | Barcode | Date last seen | Date last checked out | Price effective from | Koha item type |
|---|---|---|---|---|---|---|---|---|---|---|---|---|---|
| Library of Congress Classification | Kabarak, Main Campus | Kabarak, Main Campus | 17/12/2015 | 1 | HF1379 .G73 2008 c. 1 | 16919 | 02/08/2024 | 15/07/2016 | 17/12/2015 | General Collection |